000 00461nam a2200181Ia 4500
003 LK-CoDNM
008 010623t1960 xxu||||| |||| 00| 1 sin d
040 _aLK-CoDNM
_dLK-CoDNM
_eLK-CoDNM
041 _asin
080 _a8 C-2
_bKOD
100 _aKodithuwakku, Piyasiri
245 _aදමිවැල - නාටකය
246 _aDamwela : Natakaya
260 _bM.D.Gunasena
_aColombo
_c1960
300 _b82, 18 cm
650 _aDrama
942 _cBK
999 _c105360
_d105360